Funkcje języka - Statystyki

Ogólne statystyki
  • Ten quiz został rozwiązany 160 razy
  • Średni wynik to 6 z 10
Statystyki odpowiedzi
Funkcja skupiona na.. Odpowiedź % Poprawnych
[...] skupiona na odbiorcy, wpływaniu na niego i jego wybory Impresywna
97%
[...] skupiona na nadawcy, jego emocjach i ocenach Ekspresywna
96%
[...] skupiona na utrzymaniu kontaktu Fatyczna
89%
[...] skupiona na kodzie, czyli o samym opisie języka, którym się posługuje Metajęzykowa
88%
[...] skupiona na komunikacie i jego formie Poetycka
82%
[...] skupiona na przekazaniu wiadomości Informatywna
81%
zajmująca się "zaklinaniem" rzeczywistości (czary, przekleństwa) Magiczna
71%
zmieniająca rzeczywistość Sprawcza
21%
zajmująca się rozbawieniem odbiorcy Ludyczna
2%
zajmująca się przekazywaniem informacji odbiorcy o sobie, przeważnie nieświadomie Prezentatywna
2%
Nie znaleziono quizów pasujących do podanych kryteriów
Rozkład punktacji
Procent ludzi z każdym wynikiem
Percentyl według liczby udzielonych odpowiedzi
Twoja historia wyników
Nie rozwiązałeś tego quizu